| 000 | 00521cam a2200193 4500 | ||
|---|---|---|---|
| 008 | 090401t1991 xxu||||| |||| 00| 0 eng d | ||
| 020 | _a0110138600 | ||
| 035 | _a(Sirsi) u75228 | ||
| 041 | _aeng | ||
| 245 | _aEstate Agents (Specified Offences) Order 1991 | ||
| 260 |
_bHMSO _c1991 |
||
| 300 | _a4p | ||
| 350 | _a1 | ||
| 490 |
_aSI _v1991:860 |
||
| 520 | _aMade 28 March 1991. Comes into force 13 May 1991. | ||
| 690 | _aMANAGEMENT-BUSINESS MANAGEMENT-PROFESSIONAL PRACTICE | ||
| 942 | _n0 | ||
| 948 | _c04/03/1997 | ||
| 999 |
_c95974 _d95974 |
||